| 000 | 00513nam a2200181Ia 4500 | ||
|---|---|---|---|
| 008 | 240925s9999 xx 000 0 und d | ||
| 020 | _a9789694948195 | ||
| 082 | _a629.895 HAS | ||
| 100 | _aHasnain , S.K ; Farhi, Lubna | ||
| 245 | 0 | _aProgrammable Logic Controller Laboratory Manual | |
| 250 | _a1st | ||
| 260 |
_aParamo _bParamount Publishing Enterprises _c,2011. |
||
| 300 |
_a394p. _b0 _fOriginal |
||
| 500 | _aIncludes Index | ||
| 600 | _aElectronic Engineering | ||
| 650 | _aTechnology | ||
| 942 | _cBK | ||
| 999 |
_c13748 _d13748 |
||